| 000 | 00953nam a22001457a 4500 | ||
|---|---|---|---|
| 999 |
_c523839 _d523839 |
||
| 008 | 231005b ||||| |||| 00| 0 eng d | ||
| 100 |
_aKaur, Raneet _944062 |
||
| 245 | _aProtecting the interests of consumers and businesses | ||
| 260 | _aYojana | ||
| 300 | _a67(9), Sep, 2023: p.37-41 | ||
| 520 | _aComp0etition plays a crucial role in shaping how businesses operate and interact with each other. It creates an environment where businesses are constantly pushed to improve, innovate, and meet consumer needs effectively. The competition, act, with CCI as its working arm not only regulates markets but also facilitates fair competition and a level playing field for businesses. While the competition low doesn’t explicitly address consumer rights, it prioritizes consumers’ interests by fostering a markets free from anti-competitive forces and abuse of dominance. – Reproduced | ||
| 773 | _aYojana | ||
| 906 | _aCONSUMERS | ||
| 942 | _cAR | ||